Estudio de un grupo representativo de daguerrotipos localizados en la Ciudad de México (Record no. 5763)

MARC details
000 -CABECERA
campo de control de longitud fija 00940nam a2200205 a 4500
001 - NÚMERO DE CONTROL
campo de control BRCA_6076
005 - FECHA Y HORA DE LA ÚLTIMA TRANSACCIÓN
campo de control 20190320205326.0
008 - DATOS DE LONGITUD FIJA--INFORMACIÓN GENERAL
campo de control de longitud fija 170608s1999----mx-a---###---#000-0#spa-#
050 #4 - SIGNATURA TOPOGRÁFICA DE LA BIBLIOTECA DEL CONGRESO
Número de clasificación TR365
Número de documento/Ítem .S89 1999
100 1# - ENTRADA PRINCIPAL--NOMBRE DE PERSONA
Nombre de persona Suzuki Sato, Kimie
9 (RLIN) 15357
245 10 - MENCIÓN DE TÍTULO
Título Estudio de un grupo representativo de daguerrotipos localizados en la Ciudad de México
Resto del título diagnóstico del estado de conservación y propuesta de conservación.
260 ## - PUBLICACIÓN, DISTRIBUCIÓN, ETC.
Lugar de publicación, distribución, etc. Ciudad de México
Fecha de publicación, distribución, etc. 1999
300 ## - DESCRIPCIÓN FÍSICA
Extensión 205 p.
Otras características físicas il. (algunas a color)
502 ## - NOTA DE TESIS
Nota de tesis Tesis Licenciatura (Licenciado en Restauración de Bienes Muebles) Escuela Nacional de Conservación, Restauración y Museografía ´Manuel del Castillo Negrete´
650 14 - PUNTO DE ACCESO ADICIONAL DE MATERIA--TÉRMINO DE MATERIA
Término de materia o nombre geográfico como elemento de entrada Daguerrotipo
Subdivisión de forma Diagnóstico
Subdivisión general Conservación y restauración
Subdivisión geográfica Ciudad de México
9 (RLIN) 15358
650 14 - PUNTO DE ACCESO ADICIONAL DE MATERIA--TÉRMINO DE MATERIA
Término de materia o nombre geográfico como elemento de entrada Fotografía
Subdivisión general Conservación y restauración
9 (RLIN) 15359
700 1# - PUNTO DE ACCESO ADICIONAL--NOMBRE DE PERSONA
Nombre de persona Osorio Alarcón, Fernando
Término indicativo de función/relación asesor
9 (RLIN) 5760
902 ## - CATALOGADOR
Iniciales TES
942 ## - ELEMENTOS DE PUNTO DE ACCESO ADICIONAL (KOHA)
Fuente del sistema de clasificación o colocación Library of Congress Classification
Tipo de ítem Koha Tesis
Holdings
Estado de retiro Estado de pérdida Estado dañado No para préstamo Localización permanente Ubicación/localización actual Fecha de adquisición Total de préstamos Signatura topográfica completa Código de barras Fecha visto por última vez Precio válido a partir de Tipo de ítem Koha
El ejemplar forma parte de la colección y puede ser consultado según las políticas vigentes.       Biblioteca del Museo Franz Mayer (Rogerio Casas-Alatriste) Biblioteca del Museo Franz Mayer (Rogerio Casas-Alatriste) 24/05/2011   TR365 .S89 1999 TES00042 22/03/2019 22/03/2019 Tesis